Iskolatelevízió

Elmentve itt :
Bibliográfiai részletek
Szerző: Hadnagy János
Dokumentumtípus: Cikk
Megjelent: 1964
Sorozat:Módszertani közlemények 4 No. 3
Kulcsszavak:Neveléstudomány
Online Access:http://acta.bibl.u-szeged.hu/25680
LEADER 00586nab a2200181 i 4500
001 acta25680
005 20210225105253.0
008 161017s1964 hu o 0|| hun d
022 |a 0544-7224 
040 |a SZTE Egyetemi Kiadványok Repozitórium  |b hun 
041 |a hun 
100 1 |a Hadnagy János 
245 1 0 |a Iskolatelevízió  |h [elektronikus dokumentum] /  |c  Hadnagy János 
260 |c 1964 
300 |a 179-180 
490 0 |a Módszertani közlemények  |v 4 No. 3 
695 |a Neveléstudomány 
856 4 0 |u http://acta.bibl.u-szeged.hu/25680/1/modszertani_004_003_179-180.pdf  |z Dokumentum-elérés